| 000 | 00767nam a2200169Ia 4500 | ||
|---|---|---|---|
| 999 |
_c27339 _d27339 |
||
| 041 | _aहिंदी | ||
| 082 | _aRP.0344 | ||
| 100 |
_aपूनम _uबी. डी. के. कॉलेज _vबालूगंज, आगरा |
||
| 245 | 0 |
_aयुवाओं के व्यव्हार एवं सामाजिक जीवन पर सोशल मीडिया का प्रभाव / _cपूनम |
|
| 260 |
_aनई दिल्ली : _bभारतीय सामाजिक विज्ञानं अनुसन्धान परिषद, _c2017 |
||
| 300 | _aII,136 p. | ||
| 536 | _aIndian Council of Social Science Research | ||
| 546 | _aHindi | ||
| 650 | _aSocial media | ||
| 650 | _aChild development | ||
| 942 |
_cRP _2ddc |
||